Ukraine : Recent Economic Developments.

This paper describes economic developments in Ukraine during the 1990s. In 1996, Ukraine achieved a measure of macroeconomic stability for the first time since gaining independence. Inflation, which at times had bordered on hyperinflation, fell to an average monthly rate of 2.8 percent and, except i...

وصف كامل

التفاصيل البيبلوغرافية
مؤلف مشترك: International Monetary Fund
التنسيق: دورية
اللغة:English
منشور في: Washington, D.C. : International Monetary Fund, 1997.
سلاسل:IMF Staff Country Reports; Country Report ; No. 1997/109
الوصول للمادة أونلاين:Full text available on IMF
LEADER 01527cas a2200241 a 4500
001 AALejournalIMF007452
008 230101c9999 xx r poo 0 0eng d
020 |c 5.00 USD 
020 |z 9781451838923 
022 |a 1934-7685 
040 |a BD-DhAAL  |c BD-DhAAL 
110 2 |a International Monetary Fund. 
245 1 0 |a Ukraine :   |b Recent Economic Developments. 
264 1 |a Washington, D.C. :  |b International Monetary Fund,  |c 1997. 
300 |a 1 online resource (106 pages) 
490 1 |a IMF Staff Country Reports 
500 |a <strong>Off-Campus Access:</strong> No User ID or Password Required 
500 |a <strong>On-Campus Access:</strong> No User ID or Password Required 
506 |a Electronic access restricted to authorized BRAC University faculty, staff and students 
520 3 |a This paper describes economic developments in Ukraine during the 1990s. In 1996, Ukraine achieved a measure of macroeconomic stability for the first time since gaining independence. Inflation, which at times had bordered on hyperinflation, fell to an average monthly rate of 2.8 percent and, except in months with major administered price changes, remained low throughout the year. This trend continued in 1997, when inflation averaged less than 1 percent a month during the first half of the year. 
538 |a Mode of access: Internet 
830 0 |a IMF Staff Country Reports; Country Report ;  |v No. 1997/109 
856 4 0 |z Full text available on IMF  |u http://elibrary.imf.org/view/journals/002/1997/109/002.1997.issue-109-en.xml  |z IMF e-Library